000 01245nam0a22002771 4500
001 RU\INFOCOMM_327\NLR\5000086870
005 20250614080945.0
035 _a(NLR Aleph) 010623768
090 _a10611721
_c10611721
100 _a20130328d1959 |||y0rusy50 ca
101 0 _aeng
102 _aRU
105 _ay z||||
200 1 _aRules for the classification and construction of sea-going steel vessels
_e[Approved March 22, 1956]
_fRegister of shipping of the USSR
210 _aL.
_c"Marine transport"
_d1959
215 _a487 с.
_cчерт.
_d26 см
421 0 _12001#$aAdditions and amendments to the current "Rules for the classification and construction of sea-going steel vessels" (Engl. ed., publ. in 1959)$eNotice 1
_1210##$d1960
_tAdditions and amendments to the current "Rules for the classification and construction of sea-going steel vessels" (Engl. ed., publ. in 1959)
606 0 _aМорские суда, металлические
_xКлассификация
_2nlr_sh1
620 _aСанкт-Петербург
686 _aТ23-190
_2rubbk
712 0 1 _aUSSR
_bRegister of shipping
_4570
801 1 _aRU
_bInfocomm
_c20130328
801 0 _aRU
_bINFOCOMM
_gPSBO
852 _aNLR
_jТ91 Г-7/79
942 _cBOOK
980 _aNB